Computer Organization and Architecture (Record no. 8881)

MARC details
000 -LEADER
fixed length control field 00414nam a2200157Ia 4500
008 - FIXED-LENGTH DATA ELEMENTS--GENERAL INFORMATION
fixed length control field 230312s9999||||xx |||||||||||||| ||und||
020 ## - INTERNATIONAL STANDARD BOOK NUMBER
International Standard Book Number 81-317-6903-4
082 ## - DEWEY DECIMAL CLASSIFICATION NUMBER
Classification number 004.2
Item number GHO-C
100 ## - MAIN ENTRY--PERSONAL NAME
Personal name Ghoshal;Subrata
245 #0 - TITLE STATEMENT
Title Computer Organization and Architecture
260 ## - PUBLICATION, DISTRIBUTION, ETC.
Name of publisher, distributor, etc. Pearson
Place of publication, distribution, etc. India
Date of publication, distribution, etc. 2012
300 ## - PHYSICAL DESCRIPTION
Extent 462
546 ## - LANGUAGE NOTE
Language note Eng.
650 ## - SUBJECT ADDED ENTRY--TOPICAL TERM
Topical term or geographic name entry element Computer
Form subdivision Computer Organization and Architecture
942 ## - ADDED ENTRY ELEMENTS (KOHA)
Koha item type BOOK
Holdings
Withdrawn status Lost status Source of classification or shelving scheme Damaged status Not for loan Collection Home library Current library Date acquired Total Checkouts Full call number Barcode Date due Date last seen Date last checked out Price effective from Koha item type
    Dewey Decimal Classification     Engineering Superior Information Resource Center (SIRC) Superior University- Gold Campus Superior Information Resource Center (SIRC) Superior University- Main Campus 03/13/2023 2 004.2 GHO-C 8991 09/29/2025 09/20/2025 09/20/2025 03/13/2023 BOOK

Powered by Koha